La terre et l'organisation social en Polynesie
Saved in:
| Main Author: | |
|---|---|
| Format: | Book |
| Language: | French |
| Published: |
Paris :
Payot,
1970.
|
| Series: | Bibliotheque scientifique. Collection Science de l'homme.
|
| Subjects: | |
| Tags: |
Add Tag
No Tags, Be the first to tag this record!
|
MARC
| LEADER | 00000cam a2200000 i 4500 | ||
|---|---|---|---|
| 001 | 1/1493 | ||
| 008 | 950711s1970 fr | ||| |||| ||fre|| | ||
| 035 | |l 10014459 | ||
| 040 | |a GR-MyUa |b gre |e AACR2 | ||
| 041 | 0 | |a fre | |
| 082 | 7 | |a 306.0996 |2 (22) | |
| 100 | 1 | |a Panoff, Michel. | |
| 245 | 1 | 3 | |a La terre et l'organisation social en Polynesie / |c Michel Panoff. |
| 260 | |a Paris : |b Payot, |c 1970. | ||
| 300 | |a 286 σ. ; |c 23 εκ. | ||
| 490 | 1 | |a (Bibliotheque scientifique. Collection Science de l'homme) | |
| 650 | 0 | 0 | |a Social structure |z Polynesia. |
| 830 | 0 | |a Bibliotheque scientifique. |p Collection Science de l'homme. | |
| 852 | |a INST |b LESVOS |e 19950711 |h 306.0996 PAN |p 005100007746 |q 005100007746 |t BK |y 0 | ||
| 922 | |a 1ΕΛΗ |b 198706 |c ΠΠ/8713 | ||